[Event "Lower Saxony-ch"]
[Site "Verden an der Aller"]
[Date "2025.01.04"]
[Round "5"]
[White "Lammers, Markus"]
[Black "Peters, Tom"]
[Result "1-0"]
[WhiteElo "2296"]
[BlackElo "2162"]
[PlyCount "33"]
[EventDate "2025.01.02"]
[EventType "swiss"]
[EventRounds "7"]
[EventCountry "GER"]
[SourceTitle "CB02_2025"]
[SourceDate "2025.01.08"]
[SourceVersion "1"]
[SourceVersionDate "2025.01.08"]
[SourceQuality "1"]

1. d4 Nf6 2. c4 e6 3. Nf3 d5 4. e3 Be7 5. b3 0-0 6. Bd3 c5 7. 0-0 dxc4 8. bxc4 b6 9. e4 Bb7 10. d5 exd5 11. cxd5 Nxd5 12. exd5 Bf6 13. Nc3 Bxc3 14. Bxh7+ Kh8 15. Be4 Bxa1 16. Ng5 g6 17. Qg4 1-0

[Event "Lower Saxony-ch"]
[Site "Verden an der Aller"]
[Date "2025.01.04"]
[Round "6"]
[White "Peters, Tom"]
[Black "Garbuszus, Juergen"]
[Result "1-0"]
[WhiteElo "2162"]
[BlackElo "2068"]
[PlyCount "87"]
[EventDate "2025.01.02"]
[EventType "swiss"]
[EventRounds "7"]
[EventCountry "GER"]
[SourceTitle "CB02_2025"]
[SourceDate "2025.01.08"]
[SourceVersion "1"]
[SourceVersionDate "2025.01.08"]
[SourceQuality "1"]

1. e4 c5 2. Nf3 Nc6 3. Nc3 e5 4. Bb5 d6 5. Bxc6+ bxc6 6. h3 f5 7. d3 f4 8. g3 fxg3 9. fxg3 Rb8 10. b3 Nf6 11. Bd2 Be7 12. Qe2 0-0 13. 0-0-0 a5 14. a4 Kh8 15. Nb1 Be6 16. Na3 Qc7 17. Nc4 Ra8 18. g4 Nd7 19. Rdg1 Bxc4 20. dxc4 d5 21. exd5 cxd5 22. cxd5 c4 23. bxc4 Rab8 24. Bc3 Ba3+ 25. Kd2 e4 26. Ng5 Bc5 27. Qxe4 Rf2+ 28. Kd3 Nf8 29. Qe5 Bd6 30. Qxg7+ Qxg7 31. Bxg7+ Kxg7 32. Ne4 Rf3+ 33. Ke2 Rf6 34. Nxf6 Kxf6 35. Rf1+ Ke5 36. Kd3 Bc5 37. Rf5+ Kd6 38. Re1 Ng6 39. Re6+ Kd7 40. Rf7+ Kd8 41. h4 Rb1 42. h5 Nf8 43. Ra6 Ke8 44. Rg7 1-0

[Event "Lower Saxony-ch"]
[Site "Verden an der Aller"]
[Date "2025.01.03"]
[Round "4"]
[White "Peters, Tom"]
[Black "Sreyas, Payyappat"]
[Result "1-0"]
[WhiteElo "2162"]
[BlackElo "2115"]
[PlyCount "53"]
[EventDate "2025.01.02"]
[EventType "swiss"]
[EventRounds "7"]
[EventCountry "GER"]
[SourceTitle "CB02_2025"]
[SourceDate "2025.01.08"]
[SourceVersion "1"]
[SourceVersionDate "2025.01.08"]
[SourceQuality "1"]

1. e4 c6 2. d4 d5 3. f3 Qb6 4. Nc3 dxe4 5. fxe4 e5 6. Nf3 exd4 7. Nxd4 Bc5 8. Na4 Qa5+ 9. c3 Bd6 10. Nf3 Qc7 11. Qd4 Bf8 12. Bg5 Be6 13. Nc5 Bxc5 14. Qxg7 Qb6 15. 0-0-0 Nd7 16. Qxh8 f6 17. Rxd7 Kxd7 18. Bxf6 Be3+ 19. Kb1 Qa5 20. Bc4 Bxc4 21. Ne5+ Ke6 22. Nxc4 Qc5 23. Na3 Rf8 24. Bg7 Rd8 25. Qxh7 Ne7 26. Rf1 Rd2 27. Qh3+ 1-0

[Event "Wolfsburg op-A"]
[Site "Wolfsburg"]
[Date "2024.11.16"]
[Round "3"]
[White "Peters, Tom"]
[Black "Magin, Jesse"]
[Result "1-0"]
[WhiteElo "2148"]
[BlackElo "1818"]
[PlyCount "77"]
[EventDate "2024.11.15"]
[EventType "swiss"]
[EventRounds "5"]
[EventCountry "GER"]
[SourceTitle "CB49_2024"]
[SourceDate "2024.12.04"]
[SourceVersion "1"]
[SourceVersionDate "2024.12.04"]
[SourceQuality "1"]

1. e4 g6 2. d4 Bg7 3. Nc3 d6 4. Be3 a6 5. Qd2 Nd7 6. 0-0-0 b5 7. h4 h5 8. Nh3 Bb7 9. f3 Ngf6 10. Kb1 Rc8 11. Ng5 c5 12. dxc5 Nxc5 13. e5 Nfd7 14. exd6 e6 15. Bd4 0-0 16. Bxg7 Kxg7 17. b4 Na4 18. Nxa4 bxa4 19. c4 Ba8 20. Qb2+ Kg8 21. Bd3 Nc5 22. Qc3 Rb8 23. Ka1 Nxd3 24. Rxd3 Qb6 25. a3 a5 26. b5 Qc5 27. Re1 e5 28. Rxe5 Qg1+ 29. Qe1 Qb6 30. Re2 Rfd8 31. d7 Qf6+ 32. Ka2 Rf8 33. Re8 Bc6 34. Rxb8 Rxb8 35. d8Q+ Rxd8 36. Rxd8+ Qxd8 37. bxc6 Kg7 38. Qe5+ Kg8 39. Qh8+ 1-0

[Event "Wolfsburg op-A"]
[Site "Wolfsburg"]
[Date "2024.11.15"]
[Round "1"]
[White "Peters, Tom"]
[Black "Kozik, Andreas"]
[Result "1-0"]
[WhiteElo "2148"]
[BlackElo "1884"]
[PlyCount "79"]
[EventDate "2024.11.15"]
[EventType "swiss"]
[EventRounds "5"]
[EventCountry "GER"]
[SourceTitle "CB49_2024"]
[SourceDate "2024.12.04"]
[SourceVersion "1"]
[SourceVersionDate "2024.12.04"]
[SourceQuality "1"]

1. e4 e6 2. d4 d5 3. Nc3 Nc6 4. e5 a6 5. Nf3 f6 6. Bd3 fxe5 7. Nxe5 Nxe5 8. dxe5 Qe7 9. Ne2 Bd7 10. c3 0-0-0 11. b4 Nh6 12. Bxh6 gxh6 13. f4 Qg7 14. 0-0 Be7 15. Nd4 Rdf8 16. Qe2 Rhg8 17. g3 Kd8 18. Rab1 Bh4 19. Rf3 Qg4 20. Kh1 Be7 21. Bxh7 Rg7 22. Bd3 h5 23. Qg2 Rgg8 24. Rbf1 Qg7 25. Re1 h4 26. f5 exf5 27. e6 Be8 28. Bxf5 c6 29. g4 h3 30. Rxh3 Qg5 31. Rf3 Rh8 32. h3 Rh4 33. Rg3 Rfh8 34. Nf3 Qh6 35. Nxh4 Bxh4 36. e7+ Kc7 37. Re6 Qc1+ 38. Qg1 Qg5 39. Rge3 Qf4 40. Qh2 1-0

[Event "Oberliga Nord W 2324"]
[Site "Germany"]
[Date "2024.04.28"]
[Round "9.6"]
[White "Peters, Tom"]
[Black "Arntz, Christoph"]
[Result "1-0"]
[WhiteElo "2131"]
[BlackElo "1990"]
[PlyCount "65"]
[EventDate "2023.10.22"]
[EventType "team-tourn"]
[EventRounds "9"]
[EventCountry "GER"]
[SourceTitle "EXT 2025"]
[Source "ChessBase"]
[SourceDate "2024.10.14"]
[SourceVersion "1"]
[SourceVersionDate "2024.10.14"]
[SourceQuality "1"]
[WhiteTeam "Oldenburg Union"]
[BlackTeam "Ricklingen"]
[WhiteTeamCountry "GER"]
[BlackTeamCountry "GER"]

1. e4 c5 2. Nf3 e6 3. d4 cxd4 4. Nxd4 Nf6 5. Nc3 d6 6. g4 a6 7. g5 Ng8 8. Bg2 Nc6 9. Be3 Nge7 10. Qe2 Nxd4 11. Bxd4 Nc6 12. Be3 Be7 13. f4 Bd7 14. 0-0-0 0-0 15. Kb1 b5 16. Qf2 Rb8 17. h4 Na5 18. e5 d5 19. f5 Nc4 20. f6 Bb4 21. fxg7 Kxg7 22. Ne2 Nxe3 23. Qxe3 Rc8 24. Ng3 Be7 25. Bf1 Qc7 26. Nh5+ Kh8 27. Rh2 f5 28. gxf6 Bxf6 29. Nxf6 Rxf6 30. exf6 Qxh2 31. Bd3 Qxh4 32. Qe5 Qh6 33. Rg1 1-0

[Event "Oberliga Nord W 2324"]
[Site "Germany"]
[Date "2024.02.25"]
[Round "6.6"]
[White "Franke, Reiner"]
[Black "Peters, Tom"]
[Result "1/2-1/2"]
[WhiteElo "2156"]
[BlackElo "2131"]
[PlyCount "82"]
[EventDate "2023.10.22"]
[EventType "team-tourn"]
[EventRounds "9"]
[EventCountry "GER"]
[SourceTitle "EXT 2025"]
[Source "ChessBase"]
[SourceDate "2024.10.14"]
[SourceVersion "1"]
[SourceVersionDate "2024.10.14"]
[SourceQuality "1"]
[WhiteTeam "Werder Bremen III"]
[BlackTeam "Oldenburg Union"]
[WhiteTeamCountry "GER"]
[BlackTeamCountry "GER"]

1. c4 e5 2. g3 Nf6 3. Bg2 h6 4. Nc3 Bb4 5. e4 Bxc3 6. dxc3 0-0 7. Qe2 d6 8. Nf3 Be6 9. 0-0 Nbd7 10. b3 a5 11. a4 Nc5 12. Nd2 Qe7 13. Re1 Nfd7 14. Rb1 f5 15. exf5 Bxf5 16. Ne4 Nf6 17. f3 Bxe4 18. fxe4 Qf7 19. Ba3 Ne6 20. Rf1 Qg6 21. Rbe1 Ra6 22. Qc2 h5 23. Bh3 Ng4 24. Rxf8+ Kxf8 25. Bc1 Ke7 26. Be3 Ra8 27. Bxg4 hxg4 28. Rf1 Rf8 29. Rf5 Qh7 30. Qf2 g6 31. Rxf8 Nxf8 32. c5 Qf7 33. cxd6+ cxd6 34. Qxf7+ Kxf7 35. Kf2 Nd7 36. Ke2 Ke6 37. Kd3 d5 38. exd5+ Kxd5 39. c4+ Kd6 40. Bh6 Nc5+ 41. Kc3 Ne6 1/2-1/2

[Event "Oberliga Nord W 2223"]
[Site "Germany"]
[Date "2023.02.26"]
[Round "6.8"]
[White "Pubantz, Richard"]
[Black "Peters, Tom"]
[Result "0-1"]
[WhiteElo "1708"]
[BlackElo "2066"]
[PlyCount "64"]
[EventDate "2022.10.23"]
[EventType "team-tourn"]
[EventRounds "9"]
[EventCountry "GER"]
[SourceTitle "EXT 2025"]
[Source "ChessBase"]
[SourceDate "2024.10.14"]
[SourceVersion "1"]
[SourceVersionDate "2024.10.14"]
[SourceQuality "1"]
[WhiteTeam "Ricklingen"]
[BlackTeam "Oldenburg Union"]
[WhiteTeamCountry "GER"]
[BlackTeamCountry "GER"]

1. d4 Nf6 2. c4 e6 3. g3 d5 4. Bg2 c6 5. Nf3 Nbd7 6. Qc2 Bd6 7. 0-0 0-0 8. Nbd2 Re8 9. e4 dxe4 10. Nxe4 Nxe4 11. Qxe4 e5 12. Re1 Nf6 13. Qc2 exd4 14. Bg5 Rxe1+ 15. Rxe1 Bf8 16. c5 h6 17. Bd2 Be6 18. b4 Qd5 19. a3 Bf5 20. Qb2 Be4 21. Nh4 Bxg2 22. Nxg2 Rd8 23. Qb1 Qf3 24. a4 Ng4 25. Rf1 Qe2 26. Qd1 Qe6 27. h3 Ne5 28. Nf4 Qf5 29. Kg2 g5 30. Ne2 Qf3+ 31. Kg1 Qe4 32. Nc1 Nf3+ 0-1

[Event "Oberliga Nord W 2223"]
[Site "Germany"]
[Date "2022.11.27"]
[Round "2.8"]
[White "Gentemann, Moritz"]
[Black "Peters, Tom"]
[Result "1/2-1/2"]
[WhiteElo "2175"]
[BlackElo "2066"]
[PlyCount "92"]
[EventDate "2022.10.23"]
[EventType "team-tourn"]
[EventRounds "9"]
[EventCountry "GER"]
[SourceTitle "EXT 2025"]
[Source "ChessBase"]
[SourceDate "2024.10.14"]
[SourceVersion "1"]
[SourceVersionDate "2024.10.14"]
[SourceQuality "1"]
[WhiteTeam "Lister Turm II"]
[BlackTeam "Oldenburg Union"]
[WhiteTeamCountry "GER"]
[BlackTeamCountry "GER"]

1. d4 Nf6 2. c4 e6 3. Nf3 d5 4. Nc3 Bb4 5. Bg5 dxc4 6. Qa4+ Nc6 7. e3 h6 8. Bxf6 Qxf6 9. Bxc4 0-0 10. 0-0 g5 11. Bb5 Bxc3 12. bxc3 Bd7 13. Qc2 Rfd8 14. Rab1 a6 15. Bxc6 Bxc6 16. Ne5 Bb5 17. c4 Be8 18. Rxb7 c5 19. Qe4 cxd4 20. exd4 Qf5 21. Qxf5 exf5 22. d5 Rac8 23. Rb6 Kg7 24. Rxa6 f6 25. Nc6 Bxc6 26. Rxc6 Rxc6 27. dxc6 Rc8 28. Rc1 Kf7 29. Kf1 Ke6 30. Ke2 Ra8 31. Rc2 Kd6 32. Kd3 Kxc6 33. Kd4 Rd8+ 34. Kc3 Ra8 35. Kd4 Rd8+ 36. Ke3 Kc5 37. Rd2 f4+ 38. Ke2 Ra8 39. Rc2 Ra3 40. Kd2 h5 41. Kc1 h4 42. Kb2 Rd3 43. Rc3 Rd2+ 44. Rc2 Rd3 45. Rc3 Rd2+ 46. Rc2 Rd3 1/2-1/2

[Event "Oberliga Nord W 2122"]
[Site "Germany"]
[Date "2022.03.06"]
[Round "7.6"]
[White "Peters, Tom"]
[Black "Hoellmann, Ludger"]
[Result "1-0"]
[WhiteElo "2047"]
[BlackElo "2114"]
[PlyCount "101"]
[EventDate "2021.10.10"]
[EventType "team-tourn"]
[EventRounds "9"]
[EventCountry "GER"]
[SourceTitle "EXT 2023"]
[Source "ChessBase"]
[SourceDate "2022.10.05"]
[SourceVersion "1"]
[SourceVersionDate "2022.10.05"]
[SourceQuality "1"]
[WhiteTeam "Oldenburg Union"]
[BlackTeam "Nordhorn Blanke"]
[WhiteTeamCountry "GER"]
[BlackTeamCountry "GER"]

1. e4 c6 2. d4 d5 3. Nc3 dxe4 4. Nxe4 Nd7 5. Ng5 Ngf6 6. Bd3 e6 7. N1f3 Bd6 8. Qe2 h6 9. Ne4 Nxe4 10. Qxe4 Qc7 11. Qg4 Kf8 12. 0-0 Nf6 13. Qh4 b6 14. Bd2 Bb7 15. Rae1 Ke7 16. Ne5 Rae8 17. f4 Kd8 18. f5 exf5 19. Bxf5 Bc8 20. Bd3 Be6 21. c4 Kc8 22. c5 Bxe5 23. dxe5 Nd5 24. cxb6 axb6 25. Qa4 Kd7 26. Rc1 Ra8 27. Qe4 Rhc8 28. a4 Qa7 29. a5 bxa5+ 30. Kh1 Qb6 31. Qh7 Qd4 32. Bf5 Kc7 33. Bxe6 fxe6 34. Qxg7+ Kb6 35. Bc3 Qe3 36. Rce1 Qg5 37. Qd7 Rc7 38. Bd4+ Kb5 39. Qxe6 Rg8 40. Qh3 c5 41. Bf2 c4 42. Qf3 Nb4 43. Bg3 Qe7 44. e6 Rc6 45. Re5+ Rc5 46. Rxc5+ Kxc5 47. Qe3+ Kc6 48. Rf7 Qg5 49. Rc7+ Kb5 50. Rb7+ Kc6 51. Rb6+ 1-0

[Event "Oberliga Nord W 2122"]
[Site "Germany"]
[Date "2021.12.12"]
[Round "4.5"]
[White "Peters, Tom"]
[Black "Koch, Yannick"]
[Result "1/2-1/2"]
[WhiteElo "2055"]
[BlackElo "2087"]
[PlyCount "216"]
[EventDate "2021.10.10"]
[EventType "team-tourn"]
[EventRounds "9"]
[EventCountry "GER"]
[SourceTitle "EXT 2023"]
[Source "ChessBase"]
[SourceDate "2022.10.05"]
[SourceVersion "1"]
[SourceVersionDate "2022.10.05"]
[SourceQuality "1"]
[WhiteTeam "Oldenburg Union"]
[BlackTeam "Hameln"]
[WhiteTeamCountry "GER"]
[BlackTeamCountry "GER"]

1. e4 c5 2. Nf3 a6 3. c3 d5 4. exd5 Qxd5 5. d4 e6 6. Be3 cxd4 7. cxd4 Nf6 8. Be2 Nc6 9. 0-0 Be7 10. Nc3 Qd6 11. Qd2 0-0 12. Rfd1 Nb4 13. Ne5 Nbd5 14. Rac1 Bd7 15. Nc4 Qb8 16. Nxd5 Nxd5 17. Bf3 Bb4 18. Qc2 b5 19. Ne5 Qd6 20. a3 Rac8 21. Qb3 Ba5 22. Bxd5 exd5 23. Bf4 Qe6 24. h3 Rfd8 25. Rxc8 Rxc8 26. Rc1 Rxc1+ 27. Bxc1 Be8 28. Qe3 f6 29. Nd3 Qxe3 30. Bxe3 Bd7 31. Nc5 Bc8 32. Nb3 Bb6 33. Kf1 a5 34. Ke2 a4 35. Nc1 Bf5 36. Na2 Bd7 37. Kd3 Kf7 38. Bd2 Bf5+ 39. Ke3 Bd7 40. Bb4 Ke6 41. Nc3 g5 42. g4 Bc7 43. Ne2 f5 44. f3 Be8 45. Nc3 fxg4 46. fxg4 Bf4+ 47. Ke2 Bc1 48. Nd1 Bf4 49. Bd2 Bxd2 50. Kxd2 h5 51. Kc3 hxg4 52. hxg4 Kd6 53. Kb4 Bd7 54. Nf2 Kc6 55. Ka5 Kb7 56. Nh3 Bxg4 57. Nxg5 Be2 58. Nf7 Bf1 59. Ne5 Be2 60. Nd7 Kc6 61. Nb8+ Kb7 62. Na6 Bf1 63. Nb4 Bc4 64. Nc2 Be2 65. Ne3 Kc6 66. Nf5 Bc4 67. Ne7+ Kd7 68. Ng6 Kc7 69. Ne5 Be2 70. Ka6 Bf1 71. Nf3 Be2 72. Ne1 Bf1 73. Nc2 Be2 74. Ka5 Kb7 75. Ne3 Kc6 76. Nf5 Bc4 77. Ne7+ Kd7 78. Ng6 Kc7 79. Kb4 Kb6 80. Kc3 Kc7 81. Kd2 Kd6 82. Ke3 Ke6 83. Kf4 Kf6 84. Ne5 Bf1 85. Ng4+ Ke6 86. Kg5 Bd3 87. Nf2 Bc2 88. Nh3 Be4 89. Nf4+ Kf7 90. Ne2 Ke6 91. Ng3 Bd3 92. Nh5 Be4 93. Ng3 Bd3 94. Kg4 Bc2 95. Nf1 Bd3 96. Ne3 Be4 97. Nd1 Bd3 98. Nc3 Bc4 99. Kg5 Bd3 100. Kf4 Bc4 101. Nb1 Bd3 102. Nd2 Bc2 103. Ke3 Kf5 104. Nf3 Bb1 105. Ne5 Ke6 106. Kd2 Kd6 107. Kc3 Kc7 108. Kb4 Kb6 1/2-1/2

[Event "Innsbruck op 4th"]
[Site "Innsbruck"]
[Date "2020.08.30"]
[Round "9"]
[White "Peters, Tom"]
[Black "Stadlinger, Matthias"]
[Result "1-0"]
[WhiteElo "2070"]
[BlackElo "1822"]
[PlyCount "59"]
[EventDate "2020.08.22"]
[EventType "swiss"]
[EventRounds "9"]
[EventCountry "AUT"]
[SourceTitle "CBM 198 Extra"]
[Source "ChessBase"]
[SourceDate "2020.11.30"]
[SourceVersion "1"]
[SourceVersionDate "2020.11.30"]
[SourceQuality "1"]

1. e4 e6 2. d4 d5 3. Nc3 Bb4 4. e5 c5 5. a3 Bxc3+ 6. bxc3 Ne7 7. Nf3 Nbc6 8. Bd3 h6 9. 0-0 Bd7 10. a4 c4 11. Be2 Qa5 12. Bf4 0-0-0 13. Qd2 Rdg8 14. h4 Nf5 15. g4 Nxh4 16. Nxh4 g5 17. Bg3 gxh4 18. Bxh4 Rg6 19. Bf6 Rhg8 20. f4 Nb8 21. g5 hxg5 22. Bxg5 Rxg5+ 23. fxg5 Qd8 24. Rf6 Rg7 25. Kf2 Qh8 26. Rh6 Qg8 27. Rah1 Rxg5 28. Rh8 Rg2+ 29. Ke3 Rg3+ 30. Bf3 1-0

[Event "Innsbruck op 4th"]
[Site "Innsbruck"]
[Date "2020.08.23"]
[Round "3"]
[White "Bauer, Thomas"]
[Black "Peters, Tom"]
[Result "1-0"]
[WhiteElo "2198"]
[BlackElo "2070"]
[PlyCount "63"]
[EventDate "2020.08.22"]
[EventType "swiss"]
[EventRounds "9"]
[EventCountry "AUT"]
[SourceTitle "CBM 198 Extra"]
[Source "ChessBase"]
[SourceDate "2020.11.30"]
[SourceVersion "1"]
[SourceVersionDate "2020.11.30"]
[SourceQuality "1"]

1. e4 c5 2. Nf3 d6 3. Bb5+ Bd7 4. a4 Nc6 5. 0-0 Nf6 6. Re1 a6 7. Bf1 e6 8. c3 Be7 9. d4 cxd4 10. cxd4 d5 11. exd5 Nxd5 12. Nc3 Nxc3 13. bxc3 0-0 14. Bf4 Qa5 15. Qb3 Qf5 16. Bg3 Na5 17. Qd1 Nc6 18. Rb1 Ra7 19. c4 Nb4 20. d5 a5 21. dxe6 Bxe6 22. Nd4 Qg6 23. Nxe6 fxe6 24. Qd7 Bc5 25. Rbd1 Ra6 26. Qb5 Rc6 27. Qxb7 Qc2 28. Be2 e5 29. Rd7 Rg6 30. Bxe5 Rgf6 31. Rxg7+ Kh8 32. Rg5 1-0

[Event "Pardubice Czech op-A 29th"]
[Site "Pardubice"]
[Date "2018.07.24"]
[Round "5"]
[White "Peters, Tom"]
[Black "Kozusek, Daniel"]
[Result "0-1"]
[WhiteElo "2130"]
[BlackElo "2302"]
[PlyCount "90"]
[EventDate "2018.07.20"]
[EventType "swiss"]
[EventRounds "9"]
[EventCountry "CZE"]
[SourceTitle "CBM 185 Extra"]
[Source "ChessBase"]
[SourceDate "2018.07.29"]
[SourceVersion "1"]
[SourceVersionDate "2018.07.29"]
[SourceQuality "1"]

1. e4 e6 2. d4 d5 3. Nc3 Bb4 4. e5 c5 5. a3 Ba5 6. b4 cxd4 7. Nb5 Bc7 8. Nf3 Nc6 9. Bf4 Nge7 10. Bd3 Ng6 11. Bxg6 fxg6 12. Nxc7+ Qxc7 13. 0-0 0-0 14. Bg3 Bd7 15. b5 Ne7 16. Nxd4 Nf5 17. Nxf5 gxf5 18. Qe2 f4 19. Bh4 Rf5 20. Rfe1 Qc5 21. a4 h6 22. g4 Rf7 23. g5 f3 24. Qd3 Qb4 25. c4 Rc8 26. gxh6 Qxc4 27. Qxc4 Rxc4 28. Bg3 gxh6 29. Rec1 Rf8 30. Rxc4 dxc4 31. Rc1 Rc8 32. Rc3 a6 33. bxa6 bxa6 34. a5 Ba4 35. Bf4 Bd1 36. Bxh6 Kh7 37. Bf4 Be2 38. Be3 Kg6 39. h3 Kh5 40. Bf4 Rg8+ 41. Bg3 Kg5 42. Kh2 Rc8 43. Kg1 Rc5 44. h4+ Kg4 45. h5 Kxh5 0-1

[Event "GER-ch U18"]
[Site "Willingen"]
[Date "2016.05.17"]
[Round "4"]
[White "Peters, Tom"]
[Black "Geue, Niklas"]
[Result "1/2-1/2"]
[WhiteElo "1979"]
[BlackElo "1936"]
[PlyCount "106"]
[EventDate "2016.05.15"]
[EventType "swiss"]
[EventRounds "9"]
[EventCountry "GER"]
[SourceTitle "CBM 172 Extra"]
[Source "ChessBase"]
[SourceDate "2016.06.21"]
[SourceVersion "1"]
[SourceVersionDate "2016.06.21"]
[SourceQuality "1"]

1. e4 e6 2. d4 d5 3. Nc3 dxe4 4. Nxe4 Nd7 5. Nf3 Ngf6 6. Bd3 Nxe4 7. Bxe4 Nf6 8. Bd3 c5 9. 0-0 cxd4 10. Nxd4 Bc5 11. Nb3 Bd6 12. Bg5 Bd7 13. Qe2 Bc6 14. Rad1 Qc7 15. Bb5 Bxh2+ 16. Kh1 Bf4 17. Bxc6+ bxc6 18. Bxf6 gxf6 19. Nc5 Bd6 20. Nxe6 fxe6 21. Qxe6+ Be7 22. Rfe1 Rd8 23. Qxf6 Rf8 24. Rxd8+ Kxd8 25. Rd1+ Ke8 26. Qd4 Qf4 27. Qd7+ Kf7 28. Re1 Qf6 29. Qxa7 Rd8 30. a4 Rd5 31. Qe3 Bc5 32. Qh3 Kg7 33. Qg4+ Kf7 34. Re4 Qh6+ 35. Kg1 Qc1+ 36. Kh2 Qh6+ 37. Kg1 Qg6 38. Qf3+ Rf5 39. Rf4 Rxf4 40. Qxf4+ Ke6 41. Qc4+ Kd6 42. b4 Ba7 43. b5 cxb5 44. axb5 Bc5 45. Qe2 Kc7 46. Qd2 Kb6 47. c4 Qf6 48. Qa2 Kc7 49. Qc2 h6 50. g3 Qf3 51. Kf1 h5 52. Ke1 Bb4+ 53. Kf1 Bc5 1/2-1/2

[Event "GER-ch U18"]
[Site "Willingen"]
[Date "2016.05.15"]
[Round "1"]
[White "Grigorian, Spartak"]
[Black "Peters, Tom"]
[Result "1-0"]
[WhiteElo "2304"]
[BlackElo "1979"]
[PlyCount "81"]
[EventDate "2016.05.15"]
[EventType "swiss"]
[EventRounds "9"]
[EventCountry "GER"]
[SourceTitle "CBM 172 Extra"]
[Source "ChessBase"]
[SourceDate "2016.06.21"]
[SourceVersion "1"]
[SourceVersionDate "2016.06.21"]
[SourceQuality "1"]

1. d4 Nf6 2. c4 g6 3. Nc3 Bg7 4. e4 d6 5. Be2 c5 6. d5 0-0 7. Nf3 Bg4 8. 0-0 Nbd7 9. Rb1 Ne8 10. Bd2 Nc7 11. Ne1 Bxe2 12. Qxe2 a6 13. a4 b5 14. axb5 axb5 15. cxb5 Nb6 16. Nc2 Qd7 17. b4 c4 18. Be3 Nxb5 19. Nxb5 Qxb5 20. Bxb6 Qxb6 21. Qxc4 Rfc8 22. Qe2 Rc3 23. Ne1 Raa3 24. Nf3 Ra4 25. b5 h6 26. e5 Kh7 27. exd6 exd6 28. Qe8 Rf4 29. Nd2 Rc2 30. Qe3 Qxe3 31. fxe3 Ra4 32. Rf2 f5 33. b6 Ra8 34. Ne4 Rxf2 35. Nxf2 g5 36. Nd3 Rb8 37. b7 Kg6 38. Kf1 Kf7 39. Rb6 Ke7 40. Nb4 Kd7 41. Na6 1-0

[Event "GER-ch U16"]
[Site "Magdeburg"]
[Date "2014.06.10"]
[Round "4"]
[White "Peters, Tom"]
[Black "Bohlsen, Linus"]
[Result "0-1"]
[WhiteElo "1990"]
[BlackElo "1958"]
[PlyCount "102"]
[EventDate "2014.06.08"]
[EventType "swiss"]
[EventRounds "9"]
[EventCountry "GER"]
[SourceTitle "CBM 160 Extra"]
[Source "ChessBase"]
[SourceDate "2014.07.01"]
[SourceVersion "1"]
[SourceVersionDate "2014.07.01"]
[SourceQuality "1"]

1. e4 c5 2. Nf3 d6 3. Bb5+ Nd7 4. c3 Ngf6 5. d3 g6 6. 0-0 Bg7 7. Be3 0-0 8. Nbd2 a6 9. Bc4 b5 10. Bb3 Bb7 11. Qe2 Qc7 12. Bf4 Nh5 13. Bg5 Ndf6 14. h3 h6 15. g4 hxg5 16. gxh5 Nxh5 17. Nxg5 Bf6 18. f4 c4 19. dxc4 Ng3 20. Qg4 Nxf1 21. Rxf1 bxc4 22. Bxc4 d5 23. Bb3 Qc5+ 24. Kh2 Bc8 25. Qh4 Bxg5 26. fxg5 Qd6+ 27. Kg1 Be6 28. Bc2 Rab8 29. b4 Qb6+ 30. Rf2 Rbc8 31. c4 dxc4 32. Nf1 Rcd8 33. Qh6 Qd4 34. Ng3 Qa1+ 35. Kg2 Qg7 36. Qh4 Qh7 37. Qf4 Qxh3+ 38. Kf3 Qh7 39. Nf5 Bxf5 40. exf5 Qh5+ 41. Kg3 gxf5 42. Bxf5 Qh8 43. Rh2 Qc3+ 44. Kg4 Rd1 45. Rg2 e5 46. Qh2 Qd4+ 47. Kh5 Kg7 48. Bh7 Qf4 49. Qh3 Rd3 50. Bxd3 Rh8+ 51. Bh7 Rxh7# 0-1

[Event "Hannover Ihme Cup"]
[Site "Hannover"]
[Date "2014.05.11"]
[Round "5"]
[White "Meijerink, Juergen"]
[Black "Peters, Tom"]
[Result "0-1"]
[WhiteElo "1964"]
[BlackElo "1924"]
[PlyCount "52"]
[EventDate "2014.05.09"]
[EventType "swiss"]
[EventRounds "5"]
[EventCountry "GER"]
[SourceTitle "EXT 2021"]
[Source "ChessBase"]
[SourceDate "2020.10.23"]
[SourceVersion "1"]
[SourceVersionDate "2020.10.23"]
[SourceQuality "1"]

1. e4 c5 2. Nc3 Nc6 3. g3 g6 4. Bg2 Bg7 5. d3 d6 6. Be3 Rb8 7. Nf3 b5 8. Qd2 b4 9. Nd1 Nd4 10. Nh4 Nf6 11. c3 bxc3 12. bxc3 Ne6 13. Bh6 Bxh6 14. Qxh6 g5 15. Nf5 Rg8 16. f3 Ba6 17. Bf1 Rg6 18. Qh3 g4 19. Qg2 c4 20. dxc4 gxf3 21. Qc2 Kf8 22. Nh4 Rg4 23. Nf2 Rxh4 24. gxh4 Qa5 25. Qd3 Rb2 26. Qxf3 Nd4 0-1

[Event "Hannover Ihme Cup"]
[Site "Hannover"]
[Date "2014.05.10"]
[Round "2"]
[White "Peters, Tom"]
[Black "Baum, Frank Christian"]
[Result "1-0"]
[WhiteElo "1924"]
[BlackElo "1547"]
[PlyCount "65"]
[EventDate "2014.05.09"]
[EventType "swiss"]
[EventRounds "5"]
[EventCountry "GER"]
[SourceTitle "EXT 2021"]
[Source "ChessBase"]
[SourceDate "2020.10.23"]
[SourceVersion "1"]
[SourceVersionDate "2020.10.23"]
[SourceQuality "1"]

1. e4 e6 2. d4 d5 3. Nc3 Nf6 4. e5 Nfd7 5. f4 c5 6. Nf3 Nc6 7. Be3 Be7 8. Qd2 a6 9. Be2 cxd4 10. Nxd4 Nxd4 11. Bxd4 0-0 12. Bd3 Bc5 13. Ne2 Qb6 14. c3 Qc7 15. 0-0 b5 16. Rac1 Be7 17. Qe3 Nc5 18. Bb1 Bb7 19. Qh3 g6 20. f5 Rfe8 21. f6 Bf8 22. Rf4 h5 23. Ng3 Bh6 24. Nxh5 Ne4 25. Bxe4 dxe4 26. Rh4 g5 27. Qg4 Kh7 28. Rh3 Rg8 29. Ng7 Rxg7 30. fxg7 Kxg7 31. Rf1 Rh8 32. Rf6 Bc6 33. Qh5 1-0

[Event "Niedersachsen-ch U16"]
[Site "Norderney"]
[Date "2014.04.16"]
[Round "7"]
[White "Nuerenberg, Marius"]
[Black "Peters, Tom"]
[Result "0-1"]
[WhiteElo "1619"]
[BlackElo "1919"]
[PlyCount "112"]
[EventDate "2014.04.??"]
[EventType "swiss"]
[EventRounds "9"]
[EventCountry "GER"]
[SourceTitle "EXT 2017"]
[Source "ChessBase"]
[SourceDate "2016.10.25"]
[SourceVersion "1"]
[SourceVersionDate "2016.10.25"]
[SourceQuality "1"]

1. e4 c5 2. Nf3 Nc6 3. d4 cxd4 4. Nxd4 Nf6 5. Nc3 d6 6. Be3 e5 7. Nb3 Be7 8. f3 0-0 9. Bc4 a6 10. a3 Be6 11. Bd5 Rc8 12. 0-0 Nh5 13. Qd2 Bxd5 14. Nxd5 Nf6 15. Bb6 Qd7 16. Rfd1 Nxd5 17. Qxd5 Qe6 18. Rac1 Bg5 19. Rb1 Bd8 20. Be3 Bc7 21. Rbc1 Qxd5 22. Rxd5 Ne7 23. Rd2 f5 24. exf5 Nxf5 25. Bf2 b5 26. Rcd1 Kf7 27. Kf1 Rb8 28. Nc5 Ra8 29. Ne4 Kg8 30. Ke2 h5 31. h3 h4 32. Be1 Rad8 33. Kf1 Ne3+ 34. Ke2 Nxd1 35. Bxh4 Nxb2 36. Bxd8 Rxd8 37. c3 Nc4 38. Ra2 Kf7 39. a4 Bb6 40. axb5 axb5 41. Ra1 d5 42. Ng3 Rd7 43. Rb1 Nd6 44. Rd1 d4 45. Ne4 Nxe4 46. fxe4 Ke6 47. cxd4 Rxd4 48. Rxd4 exd4 49. h4 Ke5 50. g4 Kxe4 51. h5 b4 52. g5 Kf5 53. h6 gxh6 54. gxh6 Kg6 55. Kd3 Kxh6 56. Kc4 Bc5 0-1